One Piece - Groupes de choses #1 - Statistiques

Statistiques générales
  • Ce quiz a été pris 234 fois
  • Le résultat moyen est 26 sur 39
Statistiques - réponses
Hint Réponse % Correct
Propriétaires du chapeau de paille Monkey D.Luffy
98%
Empereurs des mers Monkey D. Luffy
98%
Propriétaires du chapeau de paille Shanks
98%
Empereurs des mers Shanks
98%
Empereurs des mers Big mom
94%
Empereurs des mers Edward newgate
93%
Empereurs des mers Marshall D. Teach
93%
Propriétaires du chapeau de paille Gol D. Roger
92%
7 premiers grands corsaires Crocodile
91%
Empereurs des mers Kaido
91%
Empereurs des mers Baggy
90%
7 premiers grands corsaires Boa Hancock
90%
7 premiers grands corsaires Don Quijote Doflamingo
89%
7 premiers grands corsaires Bartholomew Kuma
87%
7 premiers grands corsaires Dracule Mihawk
87%
7 premiers grands corsaires Gecko Moria
87%
Navire des chapeau de paille Vogue Merry
86%
Navire des chapeau de paille Thousand Sunny
85%
Arc de la saga guerre au sommet Marineford
81%
Arc de la saga guerre au sommet Impel Down
79%
7 premiers grands corsaires Jinbe
75%
9 Fourreaux Rouges Kinemon
69%
Arc de la saga guerre au sommet Amazon Lily
63%
9 Fourreaux Rouges Kanjuro
55%
9 Fourreaux Rouges Raizo
53%
9 Fourreaux Rouges Inuarashi
44%
9 Fourreaux Rouges Kikunojo
44%
9 Fourreaux Rouges Denjiro
43%
9 Fourreaux Rouges Kawamatsu
38%
Arc de la saga guerre au sommet Post Marineford
37%
Les 6 pouvoirs Pas de Lune
36%
9 Fourreaux Rouges Ashura Doji
35%
Les 6 pouvoirs Index Gun
35%
Les 6 pouvoirs Metallium
32%
Les 6 pouvoirs Incision
28%
9 Fourreaux Rouges Chavipère
23%
Arc de la saga guerre au sommet Archipel Sabaody
22%
Les 6 pouvoirs Pied Ouragan
22%
Les 6 pouvoirs Pliage
14%
Aucun quiz correspondant
Distribution des résultats
% des personnes avec chaque résultat
Percentile par nombre de réponses
Votre historique - résultats
Vous n’avez pas pris ce quiz